Introduction to Insurance
Salvato in:
| Autore principale: | |
|---|---|
| Natura: | Libro |
| Lingua: | inglese |
| Pubblicazione: |
Englewood Cliffs
Prentice-Hall
1987
|
| Edizione: | 3. ed. |
| Soggetti: | |
| Tags: |
Nessun Tag, puoi essere il primo ad aggiungerne!!
|
MARC
| LEADER | 00000nam a2200000 4500 | ||
|---|---|---|---|
| 001 | c004826 | ||
| 005 | 20221219121110.4 | ||
| 020 | |a 0-13-484809-8 | ||
| 041 | 0 | |a eng | |
| 044 | |a US | ||
| 245 | 1 | 0 | |a Introduction to Insurance |c Mark S. Dorfman |
| 250 | |a 3. ed. | ||
| 264 | 1 | |a Englewood Cliffs |b Prentice-Hall |c 1987 | |
| 300 | |a 501 s. | ||
| 610 | 2 | 0 | |a poistenie |
| 610 | 2 | 0 | |a riziko poistné |
| 610 | 2 | 0 | |a poisťovníctvo |
| 610 | 2 | 0 | |a zmluvy poistné |
| 610 | 2 | 0 | |a poistenie majetku |
| 610 | 2 | 0 | |a poistenie životné |
| 610 | 2 | 0 | |a poistenie zdravotné |
| 610 | 2 | 0 | |a poistenie dôchodkové |
| 610 | 2 | 0 | |a vláda |
| 100 | 1 | |a Dorfman, Mark S. | |